Catálogo
 En Linea

Administración de fármacos cardiovasculares / (Registro nro. 35841)

Detalles MARC
000 -CABECERA
campo de control de longitud fija 01105nam a2200265 a 4500
001 - NÚMERO DE CONTROL
campo de control 000036350
005 - FECHA Y HORA DE LA ÚLTIMA TRANSACCIÓN
campo de control 20200930075701.0
008 - DATOS DE LONGITUD FIJA--INFORMACIÓN GENERAL
campo de control de longitud fija 120113s1988 sp a 000 0 spa d
020 ## - NÚMERO INTERNACIONAL ESTÁNDAR DEL LIBRO
Número Internacional Estándar del Libro 8475921973
040 ## - FUENTE DE LA CATALOGACIÓN
Centro catalogador/agencia de origen DO-SdBNP
Lengua de catalogación spa
Centro/agencia transcriptor BNPHU
082 ## - NÚMERO DE LA CLASIFICACIÓN DECIMAL DEWEY
Número de clasificación xxxx
Número de documento/Ítem A238a
240 00 - TÍTULO UNIFORME
Título uniforme Giving cardiovascular drugs safely, 2ª ed.
Lenguaje de la obra Español
245 00 - MENCIÓN DE TÍTULO
Título Administración de fármacos cardiovasculares /
Mención de responsabilidad, etc. clinical editor, Barbara McVan ; traducción Antoni Peris ; revisión de la edición española Pilar Vilagrasa y Margarita Peya ; prólogo Pilar Vilagrasa, y Margarita Peya ; prefacio Edith McCarter Randall.
260 ## - PUBLICACIÓN, DISTRIBUCIÓN, ETC.
Lugar de publicación, distribución, etc. Barcelona :
Nombre del editor, distribuidor, etc. Doyma,
Fecha de publicación, distribución, etc. 1988.
300 ## - DESCRIPCIÓN FÍSICA
Extensión 189 p. :
Otras características físicas il. ;
Dimensiones 24 cm.
490 1# - MENCIÓN DE SERIE
Mención de serie Atención integral en enfermería.
500 ## - NOTA GENERAL
Nota general Incluye índice de materias
504 ## - NOTA DE BIBLIOGRAFÍA, ETC.
Nota de bibliografía, etc. Bibliografía : p. 189
590 ## - NOTA LOCAL (RLIN)
Nota local Inventariado, 2019 /LP
700 1# - PUNTO DE ACCESO ADICIONAL--NOMBRE DE PERSONA
Nombre de persona MacVan, Barbara,
Término indicativo de función/relación ed.
9 (RLIN) 62525
700 1# - PUNTO DE ACCESO ADICIONAL--NOMBRE DE PERSONA
Nombre de persona Peris, Antoni,
Término indicativo de función/relación traducción
9 (RLIN) 62526
700 1# - PUNTO DE ACCESO ADICIONAL--NOMBRE DE PERSONA
Nombre de persona Vilagrasa, Pilar,
Término indicativo de función/relación edición
9 (RLIN) 62527
700 1# - PUNTO DE ACCESO ADICIONAL--NOMBRE DE PERSONA
Nombre de persona Peya, Margarita,
Término indicativo de función/relación edición
9 (RLIN) 62528
830 #0 - PUNTO DE ACCESO ADICIONAL DE SERIE-TÍTULO UNIFORME
Título uniforme Atención integral en enfermería.
9 (RLIN) 62529
Existencias
Estado de retiro Estado de pérdida Restricciones de uso No para préstamo Código de colección Localización permanente Ubicación/localización actual Ubicación en estantería Fecha de adquisición Número de inventario Total de préstamos Signatura topográfica completa Código de barras Fecha visto por última vez Precio válido a partir de Tipo de ítem Koha
      Excluido de préstamo Monografías: Libros y Folletos General General Depósito 13.01.2012 LF1   xxxx A238a 36351-10 25.06.2020 25.06.2020 No se presta

Con tecnología Koha